Pengetahuan Agama Islam Menengah I (Record no. 1308)

000 -LEADER
fixed length control field nam a22 a 4500
003 - CONTROL NUMBER IDENTIFIER
control field AKMAL
005 - DATE AND TIME OF LATEST TRANSACTION
control field 20170509093958.0
008 - FIXED-LENGTH DATA ELEMENTS--GENERAL INFORMATION
fixed length control field 170508 000 0 eng d
039 #9 - LEVEL OF BIBLIOGRAPHIC CONTROL AND CODING DETAIL [OBSOLETE]
Level of rules in bibliographic description 200508011141
Level of effort used to assign nonsubject heading access points aziah
040 ## - CATALOGING SOURCE
Original cataloging agency AKMAL
Transcribing agency AKMAL
049 ## - LOCAL HOLDINGS (OCLC)
Holding library pma
082 ## - DEWEY DECIMAL CLASSIFICATION NUMBER
Classification number 297.7 DAS
Edition number 21
090 ## - LOCALLY ASSIGNED LC-TYPE CALL NUMBER (OCLC); LOCAL CALL NUMBER (RLIN)
Classification number (OCLC) (R) ; Classification number, CALL (RLIN) (NR) 297.7
Local cutter number (OCLC) ; Book number/undivided call number, CALL (RLIN) DAS
100 00 - MAIN ENTRY--PERSONAL NAME
Personal name Dusuki Haji Ahmad
9 (RLIN) 1739
245 10 - TITLE STATEMENT
Title Pengetahuan Agama Islam Menengah I
Statement of responsibility, etc. Dusuki Bin Haji Ahmad
260 ## - PUBLICATION, DISTRIBUTION, ETC.
Place of publication, distribution, etc. Kuala Lumpur
Name of publisher, distributor, etc. Dewan Bahasa dan Pustaka
Date of publication, distribution, etc. 1981
300 ## - PHYSICAL DESCRIPTION
Extent 176p.
Dimensions 22cm
440 0# - SERIES STATEMENT/ADDED ENTRY--TITLE
Title Siri Pelajaran Menengah DBP bil. 112
9 (RLIN) 2586
500 ## - GENERAL NOTE
General note Mengandungi Ayat-ayat al-Quran
650 ## - SUBJECT ADDED ENTRY--TOPICAL TERM
Topical term or geographic name entry element Islam
General subdivision Study and teaching
9 (RLIN) 2587
942 ## - ADDED ENTRY ELEMENTS (KOHA)
Source of classification or shelving scheme
Koha item type Book
Holdings
Withdrawn status Lost status Source of classification or shelving scheme Damaged status Not for loan Collection code Home library Current library Date acquired Inventory number Total Checkouts Full call number Barcode Date last seen Price effective from Koha item type
          NON-FICTION AKMAL Melaka AKMAL Melaka 09.05.2017 200249   297.7 DAS 201702506 09.05.2017 09.05.2017 Book
          NON-FICTION AKMAL Melaka AKMAL Melaka 09.05.2017 200248   297.7 DAS 201702507 09.05.2017 09.05.2017 Book
Pusat Sumber Maklumat Dato' Haji Sarmin Md Hussin, Akademi Kastam Diraja Malaysia, Melaka
Tel: 06-2331106 | Faks: 06-2313787